Wszyscy aktorzy z Oscarem za pierwszoplanową rolę - Statystyki

Ogólne statystyki
  • Ten quiz został rozwiązany 43 razy
  • Średni wynik to 46 z 198
Statystyki odpowiedzi
Rok: Film: Aktor: % Poprawnych
2016 Zjawa Leonardo DiCaprio
94%
1995 Forrest Gump Tom Hanks
76%
1994 Filadelfia Tom Hanks
76%
2025 The Brutalist Adrien Brody
73%
2003 Pianista Adrien Brody
73%
2021 Ojciec Anthony Hopkins
73%
1992 Milczenie owiec Anthony Hopkins
73%
2024 Oppenheimer Cillian Murphy
64%
2024 Biedne istoty Emma Stone
64%
2017 La La Land Emma Stone
64%
2020 Joker Joaquin Phoenix
64%
2001 Gladiator Russell Crowe
64%
1993 Zapach kobiety Al Pacino
58%
2012 Żelazna Dama Meryl Streep
58%
1983 Wybór Zofii Meryl Streep
58%
2026 Grzesznicy Michael B. Jordan
58%
1998 Lepiej być nie może Jack Nicholson
55%
1976 Lot nad kukułczym gniazdem Jack Nicholson
55%
1992 Milczenie owiec Jodie Foster
55%
1989 Oskarżeni Jodie Foster
55%
1973 Ojciec chrzestny Marlon Brando
55%
1955 Na nabrzeżach Marlon Brando
55%
1981 Wściekły byk Robert De Niro
55%
2011 Czarny łabędź Natalie Portman
52%
2013 Lincoln Daniel Day-Lewis
48%
2008 Aż poleje się krew Daniel Day-Lewis
48%
1990 Moja lewa stopa Daniel Day-Lewis
48%
1989 Rain Man Dustin Hoffman
48%
1980 Sprawa Kramerów Dustin Hoffman
48%
2006 Capote Philip Seymour Hoffman
48%
2019 Bohemian Rhapsody Remi Malek
48%
2022 King Richard: Zwycięska rodzina Will Smith
48%
1970 Pełnia życia panny Brodie Maggie Smith
45%
2001 Erin Brockovich Julia Roberts
42%
1988 Wall Street Michael Douglas
42%
2023 Wieloryb Brendan Fraser
39%
2002 Dzień próby Denzel Washington
39%
2017 Manchester by the Sea Casey Affleck
36%
2011 Jak zostać królem Colin Firth
36%
2000 American Beauty Kevin Spacey
36%
2010 Wielki Mike. The Blind Side Sandra Bullock
36%
1954 Rzymskie wakacje Audrey Hepburn
33%
2004 Monster Charlize Theron
33%
2013 Poradnik pozytywnego myślenia Jennifer Lawrence
33%
1970 Prawdziwe męstwo John Wayne
33%
2009 Lektor Kate Winslet
33%
1982 Nad złotym stawem Katharine Hepburn
33%
1969 Lew w zimie Katharine Hepburn
33%
1968 Zgadnij, kto przyjdzie na obiad Katharine Hepburn
33%
1934 Poranna chwała Katharine Hepburn
33%
1996 Zostawić Las Vegas Nicolas Cage
33%
2009 Obywatel Milk Sean Penn
33%
2004 Rzeka tajemnic Sean Penn
33%
1978 Annie Hall Diane Keaton
30%
2018 Czas mroku Gary Oldman
30%
1963 Zabić drozda Gregory Peck
30%
1999 Zakochany Szekspir Gwyneth Paltrow
30%
1982 Nad złotym stawem Henry Fonda
30%
1979 Powrót do domu Jane Fonda
30%
1972 Klute Jane Fonda
30%
2015 Motyl Still Alice Julianne Moore
30%
2003 Godziny Nicole Kidman
30%
2014 Blue Jasmine Cate Blanchett
27%
1967 Kto się boi Virginii Woolf? Elizabeth Taylor
27%
1961 Butterfield 8 Elizabeth Taylor
27%
2007 Ostatni król Szkocji Forest Whitaker
27%
2021 Nomadland Frances McDormand
27%
2018 Trzy billboardy za Ebbing, Missouri Frances McDormand
27%
1997 Fargo Frances McDormand
27%
2005 Ray Jamie Foxx
27%
1973 Kabaret Liza Minnelli
27%
2014 Witaj w klubie Matthew McConaughey
27%
2016 Pokój Brie Larson
24%
1935 Ich noce Clark Gable
24%
2005 Za wszelką cenę Hilary Swank
24%
2000 Nie czas na łzy Hilary Swank
24%
2010 Szalone serce Jeff Bridges
24%
2026 Hamnet Jessie Buckley
24%
1991 Misery Kathy Bates
24%
2008 Niczego nie żałuję - Edith Piaf Marion Cotillard
24%
1987 Kolor pieniędzy Paul Newman
24%
1999 Życie jest piękne Roberto Benigni
24%
1962 Matka i córka Sophia Loren
24%
2015 Teoria wszystkiego Eddie Redmayne
21%
1998 Lepiej być nie może Helen Hunt
21%
2012 Artysta Jean Dujardin
21%
1995 Błękit nieba Jessica Lange
21%
2025 Anora Mikey Madison
21%
2019 Faworyta Olivia Colman
21%
2020 Judy Renée Zellweger
21%
1948 Podwójne życie Ronald Colman
21%
1996 Przed egzekucją Susan Sarandon
21%
1952 Tramwaj zwany pożądaniem Vivien Leigh
21%
1940 Przeminęło z wiatrem Vivien Leigh
21%
1983 Gandhi Ben Kingsley
18%
1960 Ben Hur Charlton Heston
18%
1953 W samo południe Gary Cooper
18%
1942 Sierżant York Gary Cooper
18%
1972 Francuski łącznik Gene Hackman
18%
2002 Czekając na wyrok Halle Berry
18%
2007 Królowa Helen Mirren
18%
1994 Fortepian Holly Hunter
18%
1952 Afrykańska królowa Humphrey Bogart
18%
2022 Oczy Tammy Faye Jessica Chastain
18%
1949 Hamlet Laurence Olivier
18%
2023 Wszystko wszędzie naraz Michelle Yeoh
18%
2006 Spacer po linie Reese Witherspoon
18%
1939 Jezebel - Dzieje grzesznicy Bette Davis
15%
1936 Kusicielka Bette Davis
15%
1961 Elmer Gantry Burt Lancaster
15%
1988 Wpływ księżyca Cher
15%
1993 Powrót do Howards End Emma Thompson
15%
1974 Miłość w godzinach nadliczbowych Glenda Jackson
15%
1971 Zakochane kobiety Glenda Jackson
15%
1984 Pod czułą kontrolą Robert Duvall
15%
1984 Czułe słówka Shirley MacLaine
15%
1969 Zabawna dziewczyna Barbra Streisand
12%
1971 Patton George C. Scott
12%
1941 Filadelfijska opowieść James Stewart
12%
1944 Pieśń o Bernadette Jennifer Jones
12%
1991 Druga prawda Jeremy Irons
12%
1965 Mary Poppins Julie Andrews
12%
1950 Dziedziczka Olivia de Havilland
12%
1947 Najtrwalsza miłość Olivia de Havilland
12%
1985 Miejsca w sercu Sally Field
12%
1980 Norma Rae Sally Field
12%
1939 Miasto chłopców Spencer Tracy
12%
1938 Bohaterowie morza Spencer Tracy
12%
1958 Most na rzece Kwai Alec Guinness
9%
1963 Cudotwórczyni Anne Bancroft
9%
1975 Alicja już tu nie mieszka Ellen Burstyn
9%
1977 Sieć Faye Dunaway
9%
1985 Amadeusz F. Murray Abraham
9%
1997 Blask Geoffrey Rush
9%
1941 Kitty Foyle Ginger Rogers
9%
1957 Anastazja Ingrid Bergman
9%
1945 Gasnący płomień Ingrid Bergman
9%
1974 Ocalić tygrysa Jack Lemmon
9%
1929 Anioł ulicy, Wschód słońca, Siódme niebo Janet Gaynor
9%
1990 Wożąc panią Daisy Jessica Tandy
9%
1966 Kasia Ballou Lee Marvin
9%
1948 Córka farmera Loretta Young
9%
1976 Lot nad kukułczym gniazdem Louise Fletcher
9%
1964 Hud, syn farmera Patricia Neal
9%
1940 Żegnaj Chips Robert Donat
9%
1964 Polne lilie Sidney Poitier
9%
1960 Miejsce na górze Simone Signoret
9%
1981 Córka górnika Sissy Spacek
9%
1986 Pocałunek kobiety pająka William Hurt
9%
1957 Król i ja Yul Brynner
9%
1945 Idąc moją drogą Bing Crosby
6%
1950 Gubernator Broderick Crawford
6%
1935 Ich noce Claudette Colbert
6%
1969 Charly Cliff Robertson
6%
1929 Niepotrzebny człowiek, Ostatni rozkaz Emil Jannings
6%
1956 Marty Ernest Borgnine
6%
1947 Najlepsze lata naszego życia Fredric March
6%
1932 Doktor Jekyll i pan Hyde Fredric March
6%
1986 Podróż do Bountiful Geraldine Page
6%
1955 Dziewczyna z prowincji Grace Kelly
6%
1946 Mildred Pierce Joan Crawford
6%
1979 Powrót do domu Jon Voight
6%
1966 Darling Julie Christie
6%
1931 Wolne dusze Lionel Barrymore
6%
1938 Ziemia błogosławiona Luise Rainer
6%
1937 Wielki Ziegfeld Luise Rainer
6%
1987 Dzieci gorszego Boga Marlee Matlin
6%
1930 Kokietka Mary Pickford
6%
1937 Pasteur Paul Muni
6%
1977 Sieć Peter Finch
6%
1978 Dziewczyna na pożegnanie Richard Dreyfuss
6%
1968 W upalną noc Rod Steiger
6%
1953 Wróć, mała Shebo Shirley Booth
6%
1959 Chcę żyć! Susan Hayward
6%
1954 Stalag 17 William Holden
6%
1956 Tatuowana róża Anna Magnani
3%
1975 Harry i Tonto Art Carney
3%
1934 Prywatne życie Henryka VIII Charles Laughton
3%
1959 Osobne stoliki David Niven
3%
1930 Disraeli George Arliss
3%
1943 Pani Miniver Greer Garson
3%
1932 Grzech Madelon Claudet Helen Hayes
3%
1943 Yankee Doodle Dandy James Cagney
3%
1949 Johnny Belinda Jane Wyman
3%
1942 Podejrzenie Joan Fontaine
3%
1958 Trzy oblicza Ewy Joanne Woodward
3%
1951 Cyrano de Bergerac José Ferrer
3%
1951 Urodzeni wczoraj Judy Holliday
3%
1931 Min i Bill Marie Dressler
3%
1962 Wyrok w Norymberdze Maximilian Schell
3%
1930 Rozwódka Norma Shearer
3%
1944 Straż nad Renem Paul Lukas
3%
1967 Oto jest głowa zdrajcy Paul Scofield
3%
1946 Stracony weekend Ray Milland
3%
1965 My Fair Lady Rex Harrison
3%
1936 Potępieniec Victor McLaglen
3%
1932 Mistrz Wallace Beery
3%
1930 W starej Arizonie Warner Baxter
3%
Nie znaleziono quizów pasujących do podanych kryteriów
Rozkład punktacji
Procent ludzi z każdym wynikiem
Percentyl według liczby udzielonych odpowiedzi
Twoja historia wyników
Nie rozwiązałeś tego quizu